LEADER 01217nam0-22003491i-450- 001 990006435810403321 005 20050323163256.0 010 $a3-925801-20-0 035 $a000643581 035 $aFED01000643581 035 $a(Aleph)000643581FED01 035 $a000643581 100 $a20010302d1996----km-y0itay50------ba 101 0 $ager$agrc 102 $aDE 105 $ab-------001yy 200 1 $aAppians Darstellung des 2. Punischen Krieges in Spanien (Iberike c.1-38 P 1-158a)$eText und Kommentar$fChristoph Leidl 210 $aMünchen$cEd. Maris$d1996 215 $a330 p.$c1 c. geogr.$d23 cm 225 1 $aMünchener Universitätsschriften$ePhilosophische Fakultät für Geschichts- und Kunstwissenschaften, Institut für Alte Geschichte$vBd. 11 225 1 $aMünchener Arbeiten zur Alte Geschichte$vBd. 11 500 10$aIberica (cap.1-38)$952031 676 $a880$v20$zit 700 1$aLeidl,$bChristoph$0241925 701 1$aAppianus$f<2. saec.>$0169051 801 0$aIT$bUNINA$gRICA$2UNIMARC 901 $aBK 912 $a990006435810403321 952 $aDDR-Fonti II-Appianus Ed. 2 Iberica 25$b3458 ddr$fDDR$m21-748 959 $aDDR 996 $aIberica (cap.1-38$952031 997 $aUNINA LEADER 00952nam0-22003251i-450 001 990007167770403321 005 20180613114118.0 035 $a000716777 035 $aFED01000716777 035 $a(Aleph)000716777FED01 035 $a000716777 100 $a20021021d1973----km-y0itay50------ba 101 0 $aita 102 $aIT 105 $ay-------001yy 200 1 $aManuale di contabilità di stato$econ riferimenti all'ordinamento contabile delle Regioni, delle Province, dei Comuni e di altri Enti pubblici$fAntonio Bennati 205 $a7. ed. 210 $aNapoli$cJovene$d1973 215 $aXXXI , 685 p.$d25 cm 676 $a342$v20$zita 700 1$aBennati,$bAntonio$07326 801 0$aIT$bUNINA$gRICA$2UNIMARC 901 $aBK 912 $a990007167770403321 952 $aXI D 6$b271$fDDCIC 952 $aDT XIV-92$fDEC 959 $aDDCIC 959 $aDEC 996 $aManuale di contabilità di Stato$963525 997 $aUNINA